Т. 10: Записки замоскворецкого жителя; Собрание сочинений; Критика; Статья о театре; Записки; Речи. 1847-1886
| Parent link: | Собрание сочинений: в 10 т./ А. Н. Островский; под общ. ред. Г. И. Владыкина и др.. Т. 10: Записки замоскворецкого жителя.— , 1959- |
|---|---|
| Idioma: | rus |
| Publicat: |
1960
|
| TOC: | Критика; Статья о театре; Записки; Речи. 1847-1886; |
| Matèries: | |
| Format: | MixedMaterials Llibre |
| KOHA link: | https://koha.lib.tpu.ru/cgi-bin/koha/opac-detail.pl?biblionumber=119011 |
MARC
| LEADER | 00000nam2a2200000 4500 | ||
|---|---|---|---|
| 001 | 119011 | ||
| 005 | 20231031124406.0 | ||
| 035 | |a (RuTPU)RU\TPU\book\128785 | ||
| 035 | |a RU\TPU\book\128739 | ||
| 090 | |a 119011 | ||
| 100 | |a 20070621d1960 m y0rusy5003 ca | ||
| 101 | 0 | |a rus | |
| 102 | |a RU | ||
| 105 | |a a z 001zy | ||
| 200 | 0 | |a Т. 10: Записки замоскворецкого жителя | |
| 210 | |d 1960 | ||
| 215 | |a 491 с. |c ил. | ||
| 320 | |a Алфавитный указатель произведений А. Н. Островского, вошедших в тт. 1-10: с. 484-486. | ||
| 461 | 1 | |0 (RuTPU)RU\TPU\book\95886 |t Собрание сочинений |o в 10 т. |f А. Н. Островский |g под общ. ред. Г. И. Владыкина и др. |v Т. 10: Записки замоскворецкого жителя |d 1959- | |
| 464 | |t Критика | ||
| 464 | |t Статья о театре | ||
| 464 | |t Записки | ||
| 464 | |t Речи. 1847-1886 | ||
| 610 | 1 | |a русская литература | |
| 610 | 1 | |a критика | |
| 675 | |a Р1 |z rus | ||
| 801 | 0 | |a RU |b RuMRKP |c 19950704 |g psbo | |
| 801 | 1 | |a RU |b 63413507 |c 20050909 |g PSBO | |
| 801 | 2 | |a RU |b 63413507 |c 20180322 |g PSBO | |
| 942 | |c BK | ||